| Tag |
First Indicator |
Second Indicator |
Subfields |
| LEADER |
00000cam a2200000Ia 4500 |
| 001 |
in00002420719 |
| 005 |
20151110122923.0 |
| 008 |
081120s2009 nyua bc 001 0deng d |
| 010 |
|
|
|a 2009922634
|
| 020 |
|
|
|a 9780870707506
|
| 020 |
|
|
|a 0870707507
|
| 029 |
1 |
|
|a CDX
|b 9006581
|
| 029 |
1 |
|
|a BWX
|b R2783396
|
| 029 |
1 |
|
|a AU@
|b 000044247219
|
| 035 |
|
|
|a (OCoLC)ocn276332862
|
| 035 |
|
|
|a (OCoLC)276332862
|
| 040 |
|
|
|a BTCTA
|c BTCTA
|d YDXCP
|d NPL
|d CDX
|d BWX
|d GZM
|d WAU
|d TXA
|d UtOrBLW
|
| 043 |
|
|
|a s-ag---
|a s-bl---
|
| 049 |
|
|
|a TXAM
|
| 050 |
|
4 |
|a N6639.F477
|b A4 2009
|
| 082 |
0 |
4 |
|a 709.22
|b P415ta
|2 22
|
| 100 |
1 |
|
|a Ferrari, León,
|d 1920-2013.
|
| 245 |
1 |
0 |
|a León Ferrari and Mira Schendel :
|b tangled alphabets /
|c Luis Pérez-Oramas ; with essays by Andrea Giunta and Rodrigo Naves.
|
| 246 |
3 |
0 |
|a Tangled alphabets
|
| 264 |
|
1 |
|a New York, N.Y. :
|b Museum of Modern Art ;
|a São Paulo, Brazil :
|b CosacNaify ;
|c [2009]
|
| 264 |
|
2 |
|a New York, N.Y. :
|b Distributed in the US and Canada by D.A.P./Distributed Art Publishers,
|
| 264 |
|
4 |
|c ©2009
|
| 300 |
|
|
|a 199 pages :
|b illustrations (chiefly color) ;
|c 31 cm.
|
| 336 |
|
|
|a text
|b txt
|2 rdacontent
|
| 337 |
|
|
|a unmediated
|b n
|2 rdamedia
|
| 338 |
|
|
|a volume
|b nc
|2 rdacarrier
|
| 500 |
|
|
|a Published to accompany an exhibition held April 5-June 15, 2009, at the Museum of Modern Art, New York.
|
| 504 |
|
|
|a Includes bibliographical references (pages [184]-195) and index.
|
| 600 |
1 |
0 |
|a Ferrari, León,
|d 1920-2013
|v Exhibitions.
|
| 600 |
1 |
0 |
|a Schendel, Mira,
|d 1919-1988
|v Exhibitions.
|
| 650 |
|
0 |
|a Art, Argentine
|y 20th century
|v Exhibitions.
|
| 650 |
|
0 |
|a Art, Brazilian
|y 20th century
|v Exhibitions.
|
| 650 |
|
0 |
|a Art, South American
|y 20th century
|v Exhibitions.
|
| 700 |
1 |
|
|a Schendel, Mira,
|d 1919-1988.
|
| 700 |
1 |
|
|a Pérez Oramas, Luis,
|d 1960-
|
| 700 |
1 |
|
|a Giunta, Andrea.
|
| 700 |
1 |
|
|a Naves, Rodrigo,
|d 1955-
|
| 710 |
2 |
|
|a Museum of Modern Art (New York, N.Y.)
|
| 938 |
|
|
|a Baker and Taylor
|b BTCP
|n BK0008044686
|
| 938 |
|
|
|a YBP Library Services
|b YANK
|n 2960818
|
| 938 |
|
|
|a Blackwell Book Service
|b BBUS
|n R2783396
|c $55.00
|
| 938 |
|
|
|a Coutts Information Services
|b COUT
|n 9006581
|c 33.00 GBP
|
| 945 |
|
|
|a PromptCat
|b 720529
|
| 946 |
|
|
|a stk
|
| 947 |
|
|
|a A14840106194
|
| 994 |
|
|
|a C0
|b TXA
|
| 948 |
|
|
|a cataloged
|b h
|c 2009/6/16
|d c
|e nbehmer
|f 1:48:35 pm
|
| 999 |
|
|
|a MARS
|
| 999 |
f |
f |
|s e5873edf-4cf8-3a93-9a16-65b52603a0d8
|i 3d33d966-6564-37f3-a121-d902439951e8
|t 0
|
| 952 |
f |
f |
|p normal
|a Texas A&M University
|b College Station
|c Sterling C. Evans Library
|d Evans: Library Stacks
|t 0
|e N6639.F477 A4 2009
|h Library of Congress classification
|i unmediated -- volume
|m A14840106194
|
| 998 |
f |
f |
|a N6639.F477 A4 2009
|t 0
|l Evans: Library Stacks
|